Normal view
MARC view
- Render, Barry Rajashekhar, Jagadeesh
Entry Corporate Name
001 - CONTROL NUMBER
- control field: 112252
003 - CONTROL NUMBER IDENTIFIER
- control field: NUST
005 - DATE AND TIME OF LATEST TRANSACTION
- control field: 20230512100241.0
008 - FIXED-LENGTH DATA ELEMENTS
- fixed length control field: 230512|| aca||aabn | a|a d
040 ## - CATALOGING SOURCE
- Original cataloging agency: NUST
- Transcribing agency: NUST
110 ## - HEADING--CORPORATE NAME
- Corporate name or jurisdiction name as entry element: Render, Barry Rajashekhar, Jagadeesh
670 ## - SOURCE DATA FOUND
- Source citation: Work cat.: (NUST): Heizer, Jay, Operations Management, 2009.
